| 000 | 00926cam a22001934a 4500 | ||
|---|---|---|---|
| 005 | 20250605164025.0 | ||
| 008 | 250528s ||||||||||||||||||||||||d | ||
| 035 | _a16474 | ||
| 020 | _a99548410 | ||
| 040 |
_aGR-AtMCL _bgre _dGR-AtMCL _eAACR2 |
||
| 245 | 1 | _aGods of Management / The Changing Work of Organisations | |
| 260 |
_bArrow, _c1995 |
||
| 300 | _a272 | ||
| 520 | _aThis book is a world bestseller which is required reading for managers, business students and everyone who wants to be a survivor in a world of constantly changing organizational culture. Introduction, The Theory of Cultural Propriety, The Four Gods of Management, The Gods at Work, The Gods in Balance, The Gods in Their Settings, The Apollonian Crisis, The Dilemma of Apollo, Reactions, The Gods in New Order, The Consequences, Notes and References, Index. | ||
| 942 | _cBK | ||
| 700 | 1 |
_aHandy Charles _9681 |
|
| 999 |
_c1969 _d1969 |
||